[Event "IECG CN.2006.0.00412 email"]
[Site "IECG email"]
[Date "2006.01.18"]
[Round "?"]
[White "Magee, Kerry"]
[Black "Lopez Ayerra, Marcelo"]
[Result "0-1"]
[WhiteElo "986"]
[BlackElo "800"]
[PlyCount "38"]
[EventDate "2006.01.18"]
[EventType "tourn (corr)"]
[EventRounds "6"]
[SourceTitle "Corr 2008"]
[Source "ChessBase"]
[SourceDate "2008.06.24"]
[SourceVersion "1"]
[SourceVersionDate "2008.06.24"]
[SourceQuality "1"]

1. Nf3 e6 2. g3 f5 3. Bg2 Nf6 4. d3 Be7 5. Bg5 0-0 6. 0-0 d6 7. e4 fxe4 8. dxe4 Nxe4 9. Nbd2 Nxg5 10. Nxg5 Bxg5 11. h4 Bf6 12. c3 c6 13. Re1 e5 14. Nf3 Qe7 15. b3 d5 16. c4 e4 17. Nd2 Qc5 18. Qe2 Bd4 19. Rac1 Rxf2 0-1